00417nam a2200157Ia 4500008004100000020001800041082001400059100002000073245003200093250000800125260003800133300002700171500001900198600002700217650001500244240925s9999 xx 000 0 und d a9788126537820 a629.8 NIS aNise, Norman S. 0aControl System Engineering  a6th aNew Delhi:bWiley Easternc,2011. avi, 482p.b0fOriginal aIncludes Index aElectrical Engineering aTechnology